Proces nákupného rozhodovania: štúdia publikovanej terminológie a názorov
Začiatky formulovania problematiky nákupného rozhodovania. Proces nákupného rozhodovania ako súčasť nákupného správania zákazníkov. Proces nákupného rozhodovania.
Salvato in:
| Autore principale: | |
|---|---|
| Natura: | Capitolo di libro |
| Lingua: | slovacco |
| Soggetti: | |
| Tags: |
Nessun Tag, puoi essere il primo ad aggiungerne!!
|
MARC
| LEADER | 00000naa a2200000 4500 | ||
|---|---|---|---|
| 001 | 0234714 | ||
| 005 | 20240502073814.9 | ||
| 041 | 0 | |a slo | |
| 044 | |a SK | ||
| 245 | 1 | 0 | |a Proces nákupného rozhodovania: štúdia publikovanej terminológie a názorov |c Katarína Súkeníková |
| 520 | |a Začiatky formulovania problematiky nákupného rozhodovania. Proces nákupného rozhodovania ako súčasť nákupného správania zákazníkov. Proces nákupného rozhodovania. | ||
| 610 | 2 | 0 | |a rozhodovanie nákupné |
| 610 | 2 | 0 | |a správanie spotrebiteľa |
| 610 | 2 | 0 | |a emócie |
| 610 | 2 | 0 | |a pojmy |
| 610 | 2 | 0 | |a informácie |
| 610 | 2 | 0 | |a produkty |
| 100 | 1 | |a Súkeníková, Katarína | |